Relación de la comunidad de Amubri /

Guardado en:
Bibliografiske detaljer
Hovedforfatter: Naranjo Blanco, Berta
Andre forfattere: Barrantes Chinchilla, Carmen, Chinchilla Jiménez, Dora
Format: Texto
Fag:
Tags: Tilføj Tag
Ingen Tags, Vær først til at tagge denne postø!

MARC

LEADER 00000 a a2200000 04500
001 18716
003
040
100 |a Naranjo Blanco, Berta  
245 |a Relación de la comunidad de Amubri /  |c Berta Naranjo Blanco ; Carmen Barrantes Chinchilla ; Dora Chinchilla Jiménez 
650 |a BRIBRI  
650 |a MODOS DE PRODUCCION  
650 |a TECNOLOGIA  
650 |a CONDICIONES DE VIDA  
650 |a CREENCIA  
650 |a IDEOLOGIAS  
650 |a CONOCIMIENTOS AUTOCTONOS  
650 |a SISTEMAS POLITICOS  
650 |a EDUCACION  
650 |a DISTRIBUCION POR EDAD Y SEXO  
700 |a Barrantes Chinchilla, Carmen  
700 |a Chinchilla Jiménez, Dora  
773 |g volumen 3, número 3 -4; páginas 13-44  
999 |c 35041  |d 35041